1877 1044 1868 1205 1411 1530 1954 1304 1362 1455 1759 1968 1176 1569 1397 1366 1479 1972 1833 1490 1476 1780 1649 1855 1054 1581 1710 1764 1998 1958 1114 1667 1735 1942 1816 1813 1452 1722 1676 1112 1887 1543 1241 1482 1639 1633 1764 1347 1940 1066 1720 1047 1471 1272 1346 1877 1077 1829 1727 1558 1751 1119 1491 1012 1755 1185 1957 1645 1002 1574 1302 1581 1871 1699 1721 1965 1448 1986 1550 1370 1076 1778 1789 1460 1340 1139 1485 1021 1130 1954 1978 1323 1001 1365 1307 1856 1291 1417 1056 BCNSPRNW ULIB Ver.6.0+V

เปลี่ยนเป็นภาษาไทย

Change to English
 แสดงรายละเอียดบรรณานุกรม
  กลับหน้าหลัก

Brief Record : Get Marc (ISO 2709) : E-mail record : QR code < ปิดหน้าต่าง
LEADER : 00000nam 2200000uu 4500
001    13399108732
003     ULIB
008    110314s2544||||th 000 0 tha d
020    9741304404
060  4 QZ266^bน297ว 2544
100 0  นวพรรณ จารุรักษ์
245 10 วัฏจักรของเซลล์และอณูชีววิทยาของการเกิดมะเร็ง=^bCell cycle and molecular biology of tumorigenesis/^cนวพรรณ จารุรักษ์
246 31 Cell cycle and molecular biology of tumorigenesis
250    พิมพ์ครั้งที่ 1
260    กรุงเทพฯ:^bจุฬาลงกรณ์มหาวิทยาลัย,^c2544
300    165 หน้า:^bภาพประกอบ
650  7 เซลล์^xมะเร็ง
650  7 มะเร็ง
650  7 วัฏจักรของเซลล์
650  7 ชีวโมเลกุล
945    ^p200^l0^i014970
945    ^p200^l0^i014968
945    ^p200^l0^i014969
995    ทศพร
999 ^a ใช้งานได้ทุกระบบ
รายการนี้ยังไม่มีแท็ก
คุณยังไม่ได้ล็อกอิน คุณสามารถมีกิจกรรมร่วมกับเว็บไซต์ได้ แต่ต้องล็อกอินก่อน ::
  ล็อกอิน

รายการสื่อสารสนเทศ

ลำดับที่ ประเภท เลขเรียก/บาร์โค้ด สถานที่ สถานะ
- ไม่พบข้อมูล -

รายการใกล้เคียง
    ผู้แต่ง [นวพรรณ จารุรักษ์]

    หัวเรื่อง [มะเร็ง]
    หัวเรื่อง [ชีวโมเลกุล]

BibComment


ยังไม่เคยถูกคอมเมนท์

คอมเมนท์ทรัพยากรรายการนี้
  คอมเมนท์: วัฏจักรของเซลล์แล..


 Copyright 2026. Bcnsprnw @Library